A relation of the late horrible treason, intended against the Prince of Orange, and the whole state of the vnited prouinces, according to the Dutch coppy printed at the Hage. : Whereunto is added these particulars out of our Weekely Newes: A declaration published by the French king, in behalfe and for the restoring of the Marquesse of Rosny ... The arriuall at Constantinople of the ambassadors of Sweden, Muscouia, and Polonia ... Whereunto is added A most true and wonderfull vision seene by Intien Iansen ... at Oosterzee ... With diuers other particular relations, of many parts of the world..

Bibliographic Details
Format: eBook
Language:English
Dutch
Published: London, : Printed for Nathaniel Butter, Bartholomew Downes, and Thomas Archer., 1623..
Series:Early English books online.
Subjects:
Online Access:Connect to the full text of this electronic book

MARC

Tag First Indicator Second Indicator Subfields
LEADER 00000nam a2200000Ia 4500
001 in00004180739
005 20200807084334.0
006 m g d
007 cr bn |||a|bb|
008 040924s1623 enk o 000 0 eng d
035 |a (OCoLC)56572898 
040 |a EBK  |e dcrb  |c EBK 
037 |a CL0036000071  |b ProQuest Information and Learning 300 N. Zeeb Rd., Ann Arbor, MI 48103-1553 
041 1 |a eng  |a dut  |h dut 
043 |a e------ 
045 |a u-u- 
090 |a D259  |b .R44 1623 
049 |a UMIA 
245 0 2 |a A relation of the late horrible treason, intended against the Prince of Orange, and the whole state of the vnited prouinces, according to the Dutch coppy printed at the Hage. :  |b Whereunto is added these particulars out of our Weekely Newes: A declaration published by the French king, in behalfe and for the restoring of the Marquesse of Rosny ... The arriuall at Constantinople of the ambassadors of Sweden, Muscouia, and Polonia ... Whereunto is added A most true and wonderfull vision seene by Intien Iansen ... at Oosterzee ... With diuers other particular relations, of many parts of the world.. 
260 |a London, :  |b Printed for Nathaniel Butter, Bartholomew Downes, and Thomas Archer.,  |c 1623.. 
300 |a 1 online resource ([42] pages) 
336 |a text  |b txt  |2 rdacontent 
337 |a computer  |b c  |2 rdamedia 
338 |a online resource  |b cr  |2 rdacarrier 
500 |a At head of title: February 19. Numb. 19. 
500 |a Imperfect: cropped, with loss of text. 
500 |a Reproduction of original in: Sion College (deposited at Lambeth Palace Library). 
510 4 |a STC (2nd edition)  |c 18507.98. 
533 |a Electronic reproduction.  |b Ann Arbor, Mich. :  |c UMI,  |d 1999-  |f (Early English books online)  |n Digital version of: (Early English books, 1475-1640 ; 2152:7)  |7 s1999 miun s 
651 0 |a Europe  |x History  |y 1517-1648  |v Early works to 1800. 
600 0 0 |a Frederick Henry,  |c Prince of Orange,  |d 1584-1647  |v Early works to 1800. 
650 0 |a Thirty Years' War, 1618-1648  |v Sources. 
773 0 |a Weekely newes (London, England : 1622)  |g Number 19. February 19. 
830 0 |a Early English books online. 
856 4 0 |u http://proxy.library.tamu.edu/login?url=https://search.proquest.com/docview/2264220478  |z Connect to the full text of this electronic book  |t 0 
999 f f |s dbff6f88-57d5-39cb-a539-14887cadd15a  |i c9805a28-afff-3ad6-a36d-5e862a9273c8  |t 0 
952 f f |a Texas A&M University  |b College Station  |c Electronic Resources  |d Available Online  |t 0  |e D259 .R44 1623  |h Library of Congress classification 
998 f f |a D259 .R44 1623  |t 0  |l Available Online